Education of the backward child. (Record no. 69894)

MARC details
000 -LEADER
fixed length control field 00893cam a22002411 4500
001 - CONTROL NUMBER
control field sa 66005323
003 - CONTROL NUMBER IDENTIFIER
control field DLC
005 - DATE AND TIME OF LATEST TRANSACTION
control field 20260227112248.0
008 - FIXED-LENGTH DATA ELEMENTS--GENERAL INFORMATION
fixed length control field 841101s1964 ii b 100 0 eng
010 ## - LIBRARY OF CONGRESS CONTROL NUMBER
LC control number sa 66005323
025 ## - OVERSEAS ACQUISITION NUMBER
Overseas acquisition number PL480:I-E-5594
035 ## - SYSTEM CONTROL NUMBER
System control number (OCoLC)11338006
040 ## - CATALOGING SOURCE
Original cataloging agency DLC
Transcribing agency WU
Modifying agency DLC
050 00 - LIBRARY OF CONGRESS CALL NUMBER
Classification number LC4697.I4
Item number A76 1963
111 2# - MAIN ENTRY--MEETING NAME
Meeting name or jurisdiction name as entry element All India Seminar on the Education of the Backward Child,
Location of meeting Bangalore,
Date of meeting or treaty signing 1963.
245 10 - TITLE STATEMENT
Title Education of the backward child.
260 ## - PUBLICATION, DISTRIBUTION, ETC.
Place of publication, distribution, etc. [New Delhi] :
Name of publisher, distributor, etc. Central Institute of Education, National Council of Educational Research and Training,
Date of publication, distribution, etc. 1964.
300 ## - PHYSICAL DESCRIPTION
Extent vi, 121 p. ;
Dimensions 24 cm.
500 ## - GENERAL NOTE
General note Organized by the Central Institute of Education.
504 ## - BIBLIOGRAPHY, ETC. NOTE
Bibliography, etc. note Bibliography: p. [113]-119.
650 #0 - SUBJECT ADDED ENTRY--TOPICAL TERM
Topical term or geographic name entry element Children with mental disabilities
General subdivision Education
Geographic subdivision India
Form subdivision Congresses.
710 1# - ADDED ENTRY--CORPORATE NAME
Corporate name or jurisdiction name as entry element Delhi (India).
Subordinate unit Central Institute of Education.

No items available.

Powered by Koha